000
00289nam a22001097a 4500
082
_a
82-94=214.21
_b
LAV
100
_a
LAVANYA, Inaganti
245
_a
Nirantar pragati ke path par...Chandra Babu Naidu (Hindi)
260
_a
Hyderabad
_b
Chetana Prakashan
_c
2019
300
_a
372p.
942
_c
BK
999
_c
74973
_d
74973